000 01227namaa2200325 i 4500
003 EG-GICUC
005 20260617140717.0
008 260617m1996199uua ||||gr|||| 000 0 ara d
017 _a1996 / 10185
_bدار الكتب والوثائق القومية(مصر)
017 _a1996 / 11086
_bدار الكتب والوثائق القومية(مصر)
040 _aEG-GiCUC
_bara
_cEG-GiCUC
_dEG-GiCUC
_erda
082 0 4 _221
_a602
_bM991f
092 0 4 _221
_a602
_bM991f
099 _a602 M991f
100 1 _aمستجير، احمد
_eمؤلف.
245 1 0 _aفى بحور العلم /
_cأحمد مستجير
264 _aالقاهرة :
_bدار المعارف،
_c1996-
300 _aمجلدات ؛
_c17 سم
_bإيضاحيات، صور، مثيليات ؛ Illustrations
336 _2rdacontent
_atext
337 _2rdamedia
_aUnmediated
338 _2rdacarrier
_avolume
490 _aاقرأ ؛
_vالعدد 612، 613
500 _aالمكتبة تقتني الجزء الاول والثاني.
504 _a.
541 _aد. جابر عصفور ؛
_bالقاهرة ؛
_cإهداء ؛
_d2024.
650 1 _aالتكنولوجيا.
_2qrmak
651 1 _2qrmak
905 _aAsmaa
942 _2ddc
_cBK
_e21
_n0
999 _c180565
_d180565